Пиноккиогийн адал явдал (Бичлэгийн дугаар. 913253)
[ энгийн харах ]
| 000 -Удирдлага | |
|---|---|
| Ном зүйн бүртгэл тоо буюу кодлох утгыг агуулсан | 00610nam a22002057a 4500 |
| 008 - ЕРӨНХИЙ МЭДЭЭЛЭЛ-ЭЛЕМЕНТҮҮДИЙН ӨГӨГДЛИЙН УРТ | |
| fixed length control field | 240619b mp ||||| |||| 00| 0 mon d |
| 035 ## - СИСТЕМИЙН ХЯНАЛТЫН ДУГААР | |
| Системийн хяналтын дугаар | 11119 |
| 040 ## - ЭХ СУРВАЛЖИЙГ ТОДОРХОЙЛОН БИЧИХ | |
| Анхны каталогийн байгууллага | UV1862160 |
| Каталогийн хэл | Монгол |
| Бичлэг хийж нэвтрүүлэх байгууллага | MN-UlNLM |
| Өөрчлүүлэх байгууллага | MN-UlNLM |
| Бичиглэлийн тодорхойлолт | rda |
| 041 ## - ХЭЛНИЙ КОД | |
| Текстийн хэлний код/фонограм буюу салангид гарчиг | Монгол |
| 042 ## - AUTHENTICATION CODE | |
| Authentication code | 23831 |
| 082 ## - ДЬЮИ АРАВТЫН АНГИЛЛЫН ДУГААР | |
| Дьюигийн аравтын ангилал | 10-t |
| Classification number | 808.899 |
| Item number | П.326 |
| 100 ## - ЗОХИОГЧИЙН ХЭСЭГ | |
| Зохиогчийн нэр | Коллоди К. |
| 245 #0 - ҮНДСЭН ГАРЧИГ | |
| Гарчиг | Пиноккиогийн адал явдал |
| 264 ## - ГАРАЛТЫН МЭДЭЭ | |
| Хэвлэгдсэн газар | Улаанбаатар |
| Бүтээгч, хэвлэгч, түгээгч, үйлдвэрлэгчийн нэр | Улсын хэвлэх газар |
| Хэвлэгдсэн он | 1965 |
| 300 ## - ТООНЫ МЭДЭЭ | |
| Хуудасны тоо | 171х. |
| 336 ## - АГУУЛГЫН ТӨРӨЛ | |
| Нөөц | rdacontent |
| Агуулгын төрлийн нөхцөл | text |
| Агуулгын төрлийн код | txt |
| 337 ## - MEDIA TYPE | |
| Эх сурвалж | rdamedia |
| Файлын төрөл | unmediated |
| Файлын код | n |
| 338 ## - CARRIER TYPE | |
| Source | rdacarrier |
| Carrier type term | volume |
| Carrier type code | nc |
| 942 ## - ЭЛЕМЕНТИЙН ТӨРӨЛ | |
| Анги | Аравтын ангилал |
| Төрөл | Ном |
| Буцаан татагдсан төлөв | Хасагдсан шалтгаан | Гэмтсэн төлөв | Данс заагч | Захиалах боломжгүй | Үндсэн номын сан | Одоогийн байршил | Салбар танхим | Салбар танхим | Бүртгэсэн огноо | Тавиурын заалт | Баркод | Үнэ | Хамгийн сүүлд байсан огноо | Нийт уншлаганд гарсан тоо | Дансны дугаар | Төрөл |
|---|---|---|---|---|---|---|---|---|---|---|---|---|---|---|---|---|
| Өвөрхангай аймаг | Өвөрхангай аймаг | Өвөрхангай | Фонд | Өвөрхангай | Фонд | 2024-06-20 | 808.899 П.326 | UV18611119-1 | 300.00 | 2024-06-20 | 22217 | Ном | ||||||
| Өвөрхангай аймаг | Өвөрхангай аймаг | Өвөрхангай | Фонд | Өвөрхангай | Фонд | 2024-06-20 | 808.899 П.326 | UV18611119-2 | 300.00 | 2024-06-20 | 22218 | Ном | ||||||
| Өвөрхангай аймаг | Өвөрхангай аймаг | Өвөрхангай | Фонд | Өвөрхангай | Фонд | 2024-06-20 | 808.899 П.326 | UV18611119-3 | 300.00 | 2024-06-20 | 22219 | Ном | ||||||
| Өвөрхангай аймаг | Өвөрхангай аймаг | Өвөрхангай | Фонд | Өвөрхангай | Фонд | 2024-06-20 | 808.899 П.326 | UV18611119-4 | 300.00 | 2024-06-20 | 22220 | Ном |